[Event "Hospitalet de Llobregat op 4th"]
[Site "Hospitalet de Llobregat"]
[Date "2019.04.27"]
[Round "3"]
[White "Escoriza Lusilla, Pedro"]
[Black "Maqueda Berdugo, Francisco"]
[Result "1/2-1/2"]
[WhiteElo "1653"]
[BlackElo "1731"]
[PlyCount "46"]
[EventDate "2019.04.06"]
[EventType "swiss"]
[EventRounds "9"]
[EventCountry "ESP"]
[SourceTitle "CBM 190 Extra"]
[Source "ChessBase"]
[SourceDate "2019.07.15"]
[SourceVersion "1"]
[SourceVersionDate "2019.07.15"]
[SourceQuality "1"]

1. c4 e6 2. g3 d5 3. Bg2 Nf6 4. Nf3 Be7 5. 0-0 0-0 6. b3 c6 7. Bb2 Nbd7 8. d3 Qc7 9. Qc2 Bd6 10. Nbd2 a5 11. a3 Re8 12. Rac1 Qb8 13. d4 b5 14. e4 Nxe4 15. Nxe4 dxe4 16. Qxe4 Bb7 17. Nd2 Nf6 18. Qd3 b4 19. a4 Rd8 20. Ne4 Be7 21. Qe2 Nxe4 22. Qxe4 Bf6 23. Rcd1 Qc7 1/2-1/2

[Event "Sants Hostafrancs op-C 18th"]
[Site "Barcelona"]
[Date "2016.08.23"]
[Round "5"]
[White "Escoriza Lusilla, Pedro"]
[Black "Muratet Carmona, Julia"]
[Result "0-1"]
[WhiteElo "1668"]
[BlackElo "1786"]
[PlyCount "110"]
[EventDate "2016.08.19"]
[EventType "swiss"]
[EventRounds "10"]
[EventCountry "ESP"]
[SourceTitle "EXT 2019"]
[Source "ChessBase"]
[SourceDate "2018.10.10"]
[SourceVersion "1"]
[SourceVersionDate "2018.10.10"]
[SourceQuality "1"]

1. c4 c5 2. Nc3 Nf6 3. g3 e6 4. e3 d5 5. cxd5 exd5 6. d4 c4 7. Bg2 Nc6 8. a3 Bf5 9. Nge2 g5 10. e4 Nxe4 11. Nxe4 Bxe4 12. Bxe4 dxe4 13. d5 Ne5 14. Qa4+ Qd7 15. Qxd7+ Kxd7 16. 0-0 h5 17. Kg2 Nf3 18. Nc3 f5 19. Rh1 h4 20. Be3 Bd6 21. Nb5 Be5 22. Rab1 a6 23. Nc3 b5 24. Ne2 Kd6 25. Ng1 f4 26. Bb6 h3+ 27. Nxh3 Nd2 28. Rbd1 f3+ 29. Kg1 Rxh3 30. Rxd2 c3 31. bxc3 Bxc3 32. Rc2 Be5 33. Bc7+ Kxd5 34. Bxe5 Kxe5 35. Rc5+ Kd4 36. Rc1 Kd3 37. Kf1 Rah8 38. Ke1 Rxh2 39. Rxh2 Rxh2 40. Rd1+ Kc3 41. Rc1+ Kb3 42. Rc6 Kxa3 43. Rxa6+ Kb3 44. Re6 Kc3 45. Rc6+ Kd4 46. Rb6 b4 47. Rb8 Kc3 48. Rc8+ Kb2 49. Rb8 b3 50. Rb7 g4 51. Rb8 e3 52. fxe3 Re2+ 53. Kf1 Rxe3 54. Kf2 Re2+ 55. Kf1 Rg2 0-1

[Event "Barcelona Catalunya op 26th"]
[Site "Barcelona"]
[Date "2014.11.29"]
[Round "9"]
[White "Bernat Mor, Juli"]
[Black "Escoriza Lusilla, Pedro"]
[Result "0-1"]
[WhiteElo "1700"]
[BlackElo "1839"]
[PlyCount "110"]
[EventDate "2014.09.27"]
[EventType "swiss"]
[EventRounds "9"]
[EventCountry "ESP"]
[SourceTitle "EXT 2017"]
[Source "ChessBase"]
[SourceDate "2016.10.25"]
[SourceVersion "1"]
[SourceVersionDate "2016.10.25"]
[SourceQuality "1"]

1. e4 d5 2. exd5 Qxd5 3. Nc3 Qa5 4. Bc4 Nf6 5. d3 c6 6. Nf3 Bg4 7. 0-0 e6 8. Bd2 Qc7 9. Qe2 Bd6 10. g3 0-0 11. a4 Nbd7 12. Ne4 Nxe4 13. Qxe4 Nf6 14. Qe3 Rfe8 15. Nh4 h6 16. Bc3 e5 17. Qd2 Nd5 18. Bxd5 cxd5 19. Ng2 d4 20. Bb4 Bxb4 21. Qxb4 Qxc2 22. Qa3 Qc7 23. Rac1 Qe7 24. Qxe7 Rxe7 25. Rc2 Ree8 26. f3 Bf5 27. Ne1 Rac8 28. Re2 Rc7 29. g4 Bd7 30. a5 f6 31. h3 Rc5 32. b4 Rc3 33. Rff2 Bb5 34. Rd2 Rec8 35. Kg2 Rb3 36. f4 exf4 37. Rxf4 Rxb4 38. Nf3 Bc6 39. Kg3 Bxf3 40. Kxf3 Rc5 41. Re4 Rxa5 42. Re7 Re5 43. Rc7 Rb3 44. Kf4 g5+ 45. Kf3 Re3+ 46. Kg2 Rexd3 47. Rc8+ Kg7 48. Rdc2 Rdc3 49. Rc7+ Rxc7 50. Rxc7+ Kg6 51. Rd7 d3 52. Kf3 a5 53. Rd4 d2+ 54. Ke2 Rb2 55. Ke3 b5 0-1